| 000 | 00683nam a2200229 a 4500 | ||
|---|---|---|---|
| 001 | 000020911 | ||
| 003 | OSt | ||
| 005 | 20201002031105.0 | ||
| 008 | 100823s19uu xx a r 000 0 spa d | ||
| 040 |
_aDO-SdBNP _bspa _cBNPHU |
||
| 082 |
_a813.54 _bB118a |
||
| 100 | 1 |
_aBach, Ríchard, _d1936- _93225 |
|
| 245 | 1 | 0 |
_aAjeno a la tierra / _cRíchard Bach ; introducción de Gill Robb Wilson. |
| 260 |
_a[s.l.] : _b[s.n.] , _c19?? |
||
| 300 |
_a277 p. : _bil. _c19 cm. |
||
| 590 | _aInventariado, 2020/ YL | ||
| 650 | 4 |
_aNovela estadounidense _9262 |
|
| 650 | 4 |
_aLiteratura estadounidense _9263 |
|
| 700 | 1 |
_aRobb Wilson, Gill, _eintr. _943831 |
|
| 910 | _aEn proceso | ||
| 942 |
_2ddc _cLF1 |
||
| 999 |
_c20414 _d20414 |
||